000 00659nam a22001817a 4500
999 _c165518
_d165518
005 20190620164530.0
010 _aB-728391
020 _a9789386223531
_c150.00
035 _aB-728391
037 _bB.R. Publishing Corporation
082 _a954.08
100 _aLohia, Rammanohar
245 _aGuilty men of India's partition /
_cby Rammanohar Lohia
260 _aDelhi
_bB.R. Publishing Corporation
_c2019
300 _a101p.
_c22cm (pbk)
942 _2ddc
_cEN
_h954.08
_mLOH